1571 1011 1373 1164 1243 1706 1240 1650 1518 1763 1763 1753 1987 1706 1763 1494 1220 1344 1270 1759 1466 1547 1973 1225 1479 1236 1440 1201 1191 1975 1483 1289 1973 1296 1140 1757 1521 1312 1500 1984 1525 1220 1209 1392 1329 1355 1834 1516 1277 1049 1868 1024 1109 1882 1875 1589 1084 1365 1230 1695 1123 1372 1695 1764 1700 1390 1619 1957 1752 1338 1703 1026 1736 1081 1149 1526 1827 1229 1786 1493 1806 1053 1296 1153 1849 1674 1418 1338 1093 1120 1196 1515 1544 1544 1738 1816 1920 1968 1880 BCNSPRNW ULIB Ver.6.0+V

เปลี่ยนเป็นภาษาไทย

Change to English
 แสดงรายละเอียดบรรณานุกรม
  กลับหน้าหลัก

Brief Record : Get Marc (ISO 2709) : E-mail record : QR code < ปิดหน้าต่าง
LEADER : 00000nam 2200000uu 4500
001    13399120454
003     ULIB
008    120920s2552||||th 000 0 tha d
020    ^a9789740323921
060 04 ^aWB320^bด670ต
245 00 ^aตำราเวชศาสตร์ฟื้นฟู /^cบรรณาธิการ, ดุจใจ ชัยวานิชศิริ,วสุวัฒน์ กิติสมประยูรกุล
250    ^aพิมพ์ครั้งที่ 1
260    ^aกรุงเทพฯ :^bภาควิชาเวชศาสตร์ฟื้นฟู คณะแพทยศาสตร์จุฬาลงกรณ์มหาวิทยาลัย,^c2552
300    ^a320 หน้า :^bภาพประกอบ ;^c30 ซม.
650  7 ^aเวชศาสตร์ฟื้นฟู
650  7 ^aการฟื้นฟูสมรรถภาพ
650  7 ^aการประกอบโรคศิลป์
650  7 ^aการประเมินการสูญเสียสมรรถภาพ
650  7 ^aคนพิการ
700 0  ^aดุจใจ ชัยวานิชศิริ,^eบรรณาธิการ
700 0  ^aวสุวัฒน์ กิติสมประยูรกุล,^eบรรณาธิการ
710 2  ^aสภากาชาดไทย. ^bศูนย์เวชศาสตร์ฟื้นฟู
710 2  ^aจุฬาลงกรณ์มหาวิทยาลัย. ^bคณะแพทยศาสตร์.^bภาควิชาเวชศาสตร์ฟื้นฟู
945    ^p250^l0^i16222
945    ^p250^l0^i16223
945    ^p250^l0^i16114
995    ^aกัณชพร
999 ^a ใช้งานได้ทุกระบบ
รายการนี้ยังไม่มีแท็ก
คุณยังไม่ได้ล็อกอิน คุณสามารถมีกิจกรรมร่วมกับเว็บไซต์ได้ แต่ต้องล็อกอินก่อน ::
  ล็อกอิน

รายการสื่อสารสนเทศ

ลำดับที่ ประเภท เลขเรียก/บาร์โค้ด สถานที่ สถานะ
1. วิทยาศาสตร์การแพทย์ และสุขภาพ
วิทยาศาสตร์การแพทย์ และสุขภาพ
สถานะ=หนังสือเก่า
WB320 ด670ต  
  Barcode: 16222
ห้องสมุดวิทยาเขตนครสวรรค์
►ส่วนจัดเก็บหนังสือเก่า นว.
บนชั้น
  ขอยืม

รายการใกล้เคียง
    หัวเรื่อง [เวชศาสตร์ฟื้นฟู]
    หัวเรื่อง [การฟื้นฟูสมรรถภาพ]
    หัวเรื่อง [การประกอบโรคศิลป์]
    หัวเรื่อง [การประเมินการสูญเสียสมรรถภาพ]
    หัวเรื่อง [คนพิการ]

BibComment


ยังไม่เคยถูกคอมเมนท์

คอมเมนท์ทรัพยากรรายการนี้
  คอมเมนท์: ตำราเวชศาสตร์ฟื้..


 Copyright 2026. Bcnsprnw @Library